Puskin nhà thơ Nga vĩ đại
Gorde:
| Egile nagusia: | |
|---|---|
| Formatua: | Liburua |
| Hizkuntza: | Undetermined |
| Argitaratua: |
Hà Nội
ĐH và THCN
1979
|
| Gaiak: | |
| Etiketak: |
Etiketa erantsi
Etiketarik gabe, Izan zaitez lehena erregistro honi etiketa jartzen!
|
| Thư viện lưu trữ: | Trung tâm Học liệu Trường Đại học Cần Thơ |
|---|
| LEADER | 00582nam a2200205Ia 4500 | ||
|---|---|---|---|
| 001 | CTU_15769 | ||
| 008 | 210402s9999 xx 000 0 und d | ||
| 082 | |a 891.7092 | ||
| 082 | |b Ch513 | ||
| 100 | |a Đỗ Hồng Chung | ||
| 245 | 0 | |a Puskin nhà thơ Nga vĩ đại | |
| 245 | 0 | |c Đỗ Hồng Chung | |
| 260 | |a Hà Nội | ||
| 260 | |b ĐH và THCN | ||
| 260 | |c 1979 | ||
| 526 | |a Văn học Nga | ||
| 526 | |b SP529 | ||
| 650 | |a russian literature - history and criticism | ||
| 904 | |i Minh, 970428 | ||
| 980 | |a Trung tâm Học liệu Trường Đại học Cần Thơ | ||